| 000 | 00713nam a22002057a 4500 | ||
|---|---|---|---|
| 999 |
_c14634 _d14634 |
||
| 003 | AR-CdUCM | ||
| 008 | 190424b ||||| |||| 00| 0 spa d | ||
| 020 | _a978-9972-59-17-5 | ||
| 040 |
_aMUNICIPALIDAD PROVINCIAL DEL CUSCO _cBIBLIOTECA MUNICIPAL DEL CUSCO |
||
| 082 |
_aPI / 803.08 / _bY47 |
||
| 100 |
_aEditorial Septiembre _933497 |
||
| 245 |
_aYes, Yes! canta en ingles con miss Rosi : _bTen Little Indians / |
||
| 260 |
_aLima : _bEditorial Septiembre, _c2011. |
||
| 300 |
_a12 paginas ; _bIlustraciones, _c21 cm. _ecd. |
||
| 650 |
_aTexto en ingles infantil _933498 |
||
| 650 |
_aCanción _933307 |
||
| 700 |
_aCorporación Gráfica Navarrete. _933499 |
||
| 942 |
_2ddc _cLIBROS |
||
| 945 |
_arjall _d2019-04-24 |
||